CHIAPAS : LA GUERRA EN CURSO /
Kaydedildi:
| Müşterek Yazar: | |
|---|---|
| Materyal Türü: | Kitap |
| Konular: | |
| Etiketler: |
Etiket eklenmemiş, İlk siz ekleyin!
|
MARC
| LEADER | 00000nam^a2200000^a^4500 | ||
|---|---|---|---|
| 001 | 000238135 | ||
| 005 | 20250521000000.0 | ||
| 009 | 20260310105002.039 | ||
| 035 | |a 061109 | ||
| 037 | |a Acervo Xavier Clavigero | ||
| 082 | |a 322. 42 |b CHI | ||
| 110 | |a Centro de Derechos Humanos Miguel Agustín Pro Juárez | ||
| 245 | 1 | 0 | |a CHIAPAS : |b LA GUERRA EN CURSO / |c CENTRO DE DERECHOS HUMANOS MIGUEL AGUSTIN PRO JUAREZ |
| 264 | |a MEXICO : |b IMPRETEI, |c 1998 | ||
| 300 | |a 85 p. : |b tbs. | ||
| 336 | |a texto |b txt |2 rdacontenido | ||
| 337 | |a sin mediación |b n |2 rdamedio | ||
| 338 | |a volumen |b nc |2 rdasoporte | ||
| 649 | |a XX | ||
| 650 | |a Guerra de Chiapas, 1994 | ||
| 650 | |a Conflicto Social | ||
| 650 | |a Chiapas - |x Condiciones Sociales y Culturales | ||
| 910 | |a Fondo General | ||
| 920 | |a Impresos - Libros | ||
| 930 | |a Colección General | ||
| 905 | |a 101 | ||
| 901 | |a 061109 |b IT1 |c ACC |i 061109 |u 20250521 | ||
| 902 | |a https://opac.biblio.iteso.mx/vufind/Record/000238135 | ||